[Event "ChFRA - Accession"]
[Site "Val d'Isere"]
[Date "2002.08.??"]
[Round "7.2"]
[White "Dunis, Aurelien"]
[Black "Bellaiche, Anthony"]
[Result "1/2-1/2"]
[WhiteElo "2404"]
[BlackElo "2369"]
[PlyCount "76"]
[EventDate "2002.08.??"]

1. d4 Nf6 2. c4 g6 3. Nc3 Bg7 4. e4 d6 5. Nf3 O-O 6. Be2 e5 7. O-O Nc6 8. d5
Ne7 9. Ne1 Nd7 10. f3 f5 11. g4 Kh8 12. h4 Nf6 13. Nd3 Neg8 14. Bd2 fxg4 15.
fxg4 h6 16. Kg2 Nh7 17. Rxf8 Bxf8 18. Qh1 Be7 19. Kg3 Nhf6 20. Rg1 c6 21. g5
Nh7 22. Kf2 b5 23. cxb5 cxb5 24. Ke1 Bd7 25. Nb4 Qe8 {#} 26. Nc6 Bxc6 27. dxc6
Qxc6 28. h5 b4 29. Nd5 Bxg5 30. hxg6 Qc2 31. Rxg5 Nxg5 32. Bxg5 Kg7 33. Qh4
Qb1+ 34. Bd1 Rf8 35. Be3 Qd3 36. Qh3 Qxe4 37. Qd7+ Kxg6 38. Qxd6+ Rf6 1/2-1/2

[Event "ChFRA - Accession"]
[Site "Val d'Isere"]
[Date "2002.08.??"]
[Round "7.3"]
[White "Olivier, Jean-Christophe"]
[Black "Bujisho, Benjamin"]
[Result "0-1"]
[WhiteElo "2350"]
[BlackElo "2400"]
[PlyCount "98"]
[EventDate "2002.08.??"]

1. e4 e5 2. Nf3 Nf6 3. Nxe5 d6 4. Nf3 Nxe4 5. d4 d5 6. Bd3 Nc6 7. O-O Be7 8. c4
Nb4 9. Be2 O-O 10. Nc3 Be6 11. Ne5 c5 12. Nxe4 dxe4 13. d5 Bc8 14. a3 Na6 15.
f4 f6 16. Ng4 Bxg4 17. Bxg4 f5 18. Be2 Nc7 19. g4 Ne8 20. g5 a5 21. b3 Rf7 22.
Bb2 Bf8 23. h4 g6 24. h5 Bg7 25. Bxg7 Rxg7 26. h6 Re7 27. Qc2 Rc8 28. Kg2 b6
29. Qb2 Qd6 30. Kg3 Ra8 31. b4 axb4 32. axb4 Rea7 33. Rxa7 Rxa7 34. Rb1 cxb4
35. Qe5 Kf7 36. Qxd6 Nxd6 37. Rxb4 Nc8 38. Kf2 Ra5 39. Bd1 Ke7 40. Ba4 Kd6 41.
Be8 Ra2+ 42. Kg3 Kc5 {#} 43. Bxg6 Ra3+ 44. Kg2 Ra2+ 45. Kg3 Kxb4 46. Bxf5 Nd6
47. Bxh7 e3 48. Bb1 Kc3 49. h7 Ra8 0-1

[Event "ChFRA - Accession"]
[Site "Val d'Isere"]
[Date "2002.08.??"]
[Round "7.4"]
[White "Gozzoli, Yannick"]
[Black "Brunelliere, Pierre"]
[Result "1-0"]
[WhiteElo "2373"]
[BlackElo "2294"]
[PlyCount "53"]
[EventDate "2002.08.??"]

1. d4 Nf6 2. c4 c5 3. d5 b5 4. Nf3 Bb7 5. Qc2 bxc4 6. e4 e6 7. Bg5 Qa5+ 8. Nc3
Be7 9. Bxc4 h6 10. Bxf6 gxf6 11. O-O Ba6 12. b3 d6 13. dxe6 Bxc4 14. bxc4 fxe6
15. e5 Kf7 16. exd6 Bxd6 17. Nb5 Be7 18. Qe4 Nd7 19. Rfe1 Qb6 20. Rad1 f5 21.
Qe2 Nf8 22. Ne5+ Kg8 23. Nd7 Qc6 24. Nxf8 Kxf8 25. Qxe6 Qxe6 26. Rxe6 Kf7 27.
Re5 1-0

[Event "ChFRA - Accession"]
[Site "Val d'Isere"]
[Date "2002.08.??"]
[Round "7.5"]
[White "Benitah, Yohan"]
[Black "Bagheri, Amir"]
[Result "1-0"]
[WhiteElo "2341"]
[BlackElo "2424"]
[PlyCount "99"]
[EventDate "2002.08.??"]

1. d4 Nf6 2. c4 e6 3. Nc3 Bb4 4. e3 c5 5. Nge2 cxd4 6. exd4 O-O 7. a3 Be7 8. g3
d5 9. cxd5 Nxd5 10. Bg2 Nc6 11. Nxd5 exd5 12. Nf4 Bf6 13. Be3 Be6 14. O-O Qd7
15. b4 Rac8 16. Qd2 g6 17. h3 Ne7 18. g4 Rc4 19. Rfc1 Rfc8 20. Bf1 R4c7 21. b5
Rxc1 22. Rxc1 Rxc1 23. Qxc1 Nc8 24. Qc3 Nd6 25. Qc5 b6 26. Qc6 Qxc6 27. bxc6
Ne8 28. Nxe6 fxe6 29. Bf4 Bd8 30. h4 Kf7 31. Bd3 Bc7 32. Bxc7 Nxc7 33. g5 b5
34. Kg2 a5 35. Kf3 Ke7 36. h5 gxh5 37. Bxh7 b4 38. a4 b3 39. Bd3 Kd6 40. Kf4
Ne8 41. g6 Ng7 42. Kg5 Kxc6 43. Kf6 h4 44. Kxg7 h3 45. Kf8 h2 46. g7 h1=Q 47.
Bb5+ Kd6 48. g8=Q Qh4 49. Qg7 Qd8+ 50. Be8 1-0

[Event "ChFRA - Accession"]
[Site "Val d'Isere"]
[Date "2002.08.??"]
[Round "7.6"]
[White "Boudre, Jean-Pierre"]
[Black "Chomet, Pascal"]
[Result "1/2-1/2"]
[WhiteElo "2397"]
[BlackElo "2376"]
[PlyCount "36"]
[EventDate "2002.08.??"]

1. d4 d6 2. e4 g6 3. Nf3 Bg7 4. Bc4 c6 5. Nc3 Nf6 6. h3 O-O 7. O-O b5 8. Bd3 b4
9. Ne2 Bb7 10. c4 bxc3 11. Nxc3 Na6 12. Be3 c5 13. d5 Nc7 14. Qb3 Rb8 15. Qa3
e6 16. dxe6 Nxe6 17. Rfd1 Qb6 18. Qb3 Qxb3 1/2-1/2

[Event "ChFRA - Accession"]
[Site "Val d'Isere"]
[Date "2002.08.??"]
[Round "7.7"]
[White "Le Roux, Jean-Pierre"]
[Black "Marzolo, Cyril"]
[Result "0-1"]
[WhiteElo "2345"]
[BlackElo "2415"]
[PlyCount "76"]
[EventDate "2002.08.??"]

1. e4 c6 2. d4 d5 3. Nc3 dxe4 4. Nxe4 Bf5 5. Nc5 e5 6. Nxb7 Qe7 7. Na5 exd4+ 8.
Be2 Qb4+ 9. Qd2 Nf6 10. Nb3 Bxc2 11. Nxd4 Bg6 12. Ngf3 Ne4 13. Qxb4 Bxb4+ 14.
Kf1 O-O 15. h4 Nf6 16. Bf4 Be4 17. Rc1 Rd8 18. h5 h6 19. Bc7 Re8 20. Rh4 a5 21.
a3 Bf8 22. Nd2 Bd5 23. Nc4 Nbd7 24. Ne3 Be4 25. Nxc6 Rec8 26. Nd4 Bc5 27. Nb5
Bc6 28. Bf4 Ne4 29. Nc7 Ra7 30. Ncd5 Re8 31. b4 axb4 32. axb4 Bxd5 33. Nxd5
Bxf2 34. Rg4 Nef6 35. Nxf6+ Nxf6 36. Bb5 Rd8 37. Bc7 Rxc7 38. Rxc7 Nxg4 0-1

[Event "ChFRA - Accession"]
[Site "Val d'Isere"]
[Date "2002.08.??"]
[Round "7.8"]
[White "Wirig, Anthony"]
[Black "Prie, Eric"]
[Result "1-0"]
[WhiteElo "2319"]
[BlackElo "2489"]
[PlyCount "141"]
[EventDate "2002.08.??"]

1. c4 c6 2. g3 d5 3. Bg2 Nf6 4. Nf3 Bg4 5. Ne5 Be6 6. cxd5 Bxd5 7. Nf3 c5 8.
Nc3 Bc6 9. O-O e6 10. d4 Nbd7 11. Be3 a6 12. dxc5 Bxc5 13. Bxc5 Nxc5 14. b4
Nce4 15. Nxe4 Bxe4 16. Qa4+ Bc6 17. Qb3 O-O 18. Rfd1 Qe7 19. Ne5 Bxg2 20. Kxg2
Rfc8 21. Rac1 Rc7 22. Qb2 Rac8 23. Rxc7 Qxc7 24. Qd4 h6 25. Nd3 Qc6+ 26. Kg1
Qa4 27. Rd2 Qb5 28. a3 Nd5 29. Ne5 a5 30. bxa5 Qxa5 31. e4 Nf6 32. Rd1 Qxa3 33.
Nd7 Qf3 34. Nxf6+ gxf6 35. Re1 Rc2 36. Qe3 Qxe3 37. Rxe3 Rc8 38. Rb3 Rb8 39.
Rb6 Kf8 40. Kg2 Ke7 41. Kh3 Kd7 42. Kg4 Kc7 43. Rb2 h5+ 44. Kh4 b5 45. Kxh5
Rh8+ 46. Kg4 Kc6 47. f4 Kc5 48. Kf3 Kc4 49. Ke3 b4 50. Rc2+ Kb3 51. Rc7 Rb8 52.
Kd2 Kb2 53. Rc2+ Ka3 54. Rc7 Rd8+ 55. Kc1 Rd4 56. Kc2 b3+ 57. Kc3 Rxe4 58. Ra7+
Ra4 59. Rb7 Ra8 60. Rxb3+ Ka4 61. Rb7 Rf8 62. Kd4 Ka5 63. Kc5 Ka6 64. Rd7 e5
65. f5 Rc8+ 66. Kd5 Rh8 67. Rxf7 Rh6 68. h4 Kb6 69. g4 Rxh4 70. Rxf6+ Kc7 71.
Rg6 1-0

[Event "ChFRA - Accession"]
[Site "Val d'Isere"]
[Date "2002.08.??"]
[Round "7.9"]
[White "Anic, Darko"]
[Black "Philippe, Christophe"]
[Result "1-0"]
[WhiteElo "2454"]
[BlackElo "2316"]
[PlyCount "77"]
[EventDate "2002.08.??"]

1. Nf3 f5 2. g3 Nf6 3. Bg2 g6 4. O-O Bg7 5. d4 O-O 6. c4 d6 7. Nc3 Qe8 8. d5 a5
9. Re1 Na6 10. Be3 h6 11. Bd4 e5 12. dxe6 Qxe6 13. Rc1 Qf7 14. e4 fxe4 15. Nxe4
Nxe4 16. Rxe4 Bf5 17. Rf4 Qd7 18. Bxg7 Kxg7 19. Qd4+ Kh7 20. Rh4 Qe7 21. Re1
Qf6 22. Qxf6 Rxf6 23. Re7+ Kg8 24. Rxh6 Rf7 25. Rxf7 Kxf7 26. Rh7+ Kf6 27. h3
Be4 28. g4 Bxf3 29. Bxf3 Rb8 30. h4 b6 31. Kg2 Re8 32. Kg3 Ke5 33. g5 Kd4 34.
Rg7 Kxc4 35. Rxg6 Nb4 36. h5 Nxa2 37. h6 Nb4 38. h7 Rh8 39. Rh6 1-0

[Event "ChFRA - Accession"]
[Site "Val d'Isere"]
[Date "2002.08.??"]
[Round "7.10"]
[White "Pira, Davoud"]
[Black "Libiszewski, Fabien"]
[Result "0-1"]
[WhiteElo "2447"]
[BlackElo "2316"]
[PlyCount "72"]
[EventDate "2002.08.??"]

1. c4 e5 2. Nc3 Nc6 3. g3 g6 4. Bg2 Bg7 5. e3 d6 6. Nge2 Be6 7. b3 Qd7 8. O-O
Bh3 9. d4 h5 10. f3 Nge7 11. d5 Nd8 12. Bxh3 Qxh3 13. Ne4 f6 14. c5 Nf7 15. Ba3
Qd7 16. cxd6 cxd6 17. Rc1 h4 18. g4 f5 19. Nf2 Bh6 20. Rc3 Ng5 21. e4 fxe4 22.
fxe4 O-O 23. h3 Rxf2 24. Rxf2 Nxe4 25. Rff3 Qb5 26. Rcd3 Ng5 27. Rf6 e4 28. Rc3
Nxd5 29. Rc5 dxc5 30. Qxd5+ Kh7 31. Bb2 Rg8 32. Nf4 Nf3+ 33. Kf2 Nh2 34. Rf7+
Rg7 35. Ne2 Qd3 36. Qxd3 Rxf7+ 0-1

[Event "ChFRA - Accession"]
[Site "Val d'Isere"]
[Date "2002.08.??"]
[Round "7.37"]
[White "Deleva, Mickael"]
[Black "Wittmann, Marc"]
[Result "1-0"]
[WhiteElo "2180"]
[BlackElo "2261"]
[PlyCount "91"]
[EventDate "2002.08.??"]

1. d4 Nf6 2. c4 g6 3. Nc3 Bg7 4. e4 d6 5. f4 O-O 6. Nf3 c5 7. d5 a6 8. e5 Ne8
9. h3 b5 10. cxb5 Nd7 11. e6 fxe6 12. dxe6 Nb6 13. Ng5 c4 14. h4 Nc7 15. Nxh7
$1 Kxh7 16. h5 Bxe6 17. hxg6+ {Et non pas 17...Rxg6 18.Dh5+ Rf6 19.Ce4 mat.}
17... Kg8 18. Qh5 Rf5 19. Qh7+ Kf8 20. g4 Bg8 21. Qh3 Rxb5 22. Nxb5 Nxb5 23. f5
e6 24. Bg2 {#} 24... Nd4 25. Bh6 Qf6 26. O-O exf5 27. Bxa8 Nxa8 28. Bxg7+ Qxg7
29. Qg2 Nc7 30. gxf5 Qh7 31. Rae1 Bd5 32. g7+ Qxg7 33. Qxg7+ Kxg7 34. Re7+ Kf6
35. Rxc7 Nxf5 36. Rd7 Ke6 37. Rxf5 Kxf5 38. Rxd6 Ke5 39. Rxa6 Kd4 40. Rd6 Kc5
41. Rxd5+ Kxd5 42. Kf2 Kd4 43. Ke2 c3 44. b3 Ke4 45. Kd1 Kd3 46. Kc1 1-0

[Event "ChFRA - Accession"]
[Site "Val d'Isere"]
[Date "2002.08.??"]
[Round "8.1"]
[White "Bujisho, Benjamin"]
[Black "Guidarelli, Laurent"]
[Result "1-0"]
[WhiteElo "2400"]
[BlackElo "2418"]
[PlyCount "149"]
[EventDate "2002.08.??"]

1. e4 c5 2. Nc3 d6 3. g3 g6 4. Bg2 Bg7 5. d3 Nc6 6. Be3 Rb8 7. Qd2 b5 8. Nge2
Nd4 9. O-O b4 10. Nd1 a5 11. f4 Ba6 12. f5 a4 13. fxg6 hxg6 14. Nxd4 cxd4 15.
Qf2 Nf6 16. Bxd4 Qc7 17. Bxf6 Bxf6 18. e5 dxe5 19. Ne3 Bb7 20. Bxb7 Qxb7 21.
Ng4 O-O 22. Nxf6+ exf6 23. Qxf6 Qc7 24. Rae1 Rfe8 25. Rf2 Rb6 26. Qh4 Kg7 27.
d4 Ree6 28. dxe5 Rxe5 {#} 29. Rxf7+ Qxf7 (29... Kxf7 30. Qh7+ $18) 30. Rxe5 Rf6
31. Qd4 Kh7 32. Re1 Re6 33. Rf1 Qe7 34. Qf4 Kg7 35. Qd4+ Kh7 36. c4 bxc3 37.
bxc3 Re2 38. Qxa4 Qe3+ 39. Kh1 Qxc3 40. Qa7+ Kh6 41. Qa8 Re1 42. Qf8+ Kh7 43.
Qf7+ Kh6 44. Rxe1 Qxe1+ 45. Kg2 Qe2+ 46. Qf2 Qe4+ 47. Kh3 Qe6+ 48. g4 Qc4 49.
Qh4+ Kg7 50. Qe7+ Kh6 51. Qe3+ Kg7 52. a3 Kf6 53. Kg3 Kg7 54. Qe7+ Kh6 55. h3
Qb5 56. Qf6 Kh7 57. Kh4 Qa5 58. Qe7+ Kg8 59. a4 Kh8 60. Qe4 Kg7 61. g5 Kh8 62.
Qe8+ Kh7 63. Qf7+ Kh8 64. Qf8+ Kh7 65. Qh6+ Kg8 66. Qxg6+ Kh8 67. Qe8+ Kg7 68.
Kh5 Qf5 69. Qe7+ Kg8 70. h4 Qf3+ 71. Kh6 Qc6+ 72. Qf6 Qd7 73. Qg6+ Kh8 74. a5
Qf7 75. Qf6+ 1-0

[Event "ChFRA - Accession"]
[Site "Val d'Isere"]
[Date "2002.08.??"]
[Round "8.2"]
[White "Chabanon, Jean-Luc"]
[Black "Dunis, Aurelien"]
[Result "1-0"]
[WhiteElo "2483"]
[BlackElo "2404"]
[PlyCount "53"]
[EventDate "2002.08.??"]

1. d4 d5 2. c4 c6 3. Nf3 Nf6 4. e3 Bf5 5. Nc3 e6 6. Nh4 Bg4 7. Qb3 Qc7 8. h3
Bh5 9. g4 Bg6 10. Nxg6 hxg6 11. g5 Nh5 12. e4 dxe4 13. Be3 Bd6 14. Nxe4 Bf4 15.
Bxf4 Qxf4 16. Bg2 b6 17. Qa3 f5 18. gxf6 gxf6 19. O-O Kf7 20. Rae1 Rd8 21. d5
cxd5 22. cxd5 e5 23. Nd6+ Kg8 24. Re4 Qh6 25. Rg4 Nf4 26. Nf5 Qf8 27. d6 1-0

[Event "ChFRA - Accession"]
[Site "Val d'Isere"]
[Date "2002.08.??"]
[Round "8.3"]
[White "Bellaiche, Anthony"]
[Black "Benitah, Yohan"]
[Result "1-0"]
[WhiteElo "2369"]
[BlackElo "2341"]
[PlyCount "45"]
[EventDate "2002.08.??"]

1. e4 e6 2. d4 d5 3. Nc3 Nf6 4. Bg5 Bb4 5. e5 h6 6. Bd2 Bxc3 7. bxc3 Ne4 8. Qg4
g6 9. Bd3 Nxd2 10. Kxd2 c5 11. h4 Qa5 12. Nf3 Nc6 13. Qf4 cxd4 14. h5 dxc3+ 15.
Ke2 gxh5 16. Rab1 b6 17. a4 Ba6 {#} 18. Rb5 Bxb5 19. Bxb5 Rc8 20. Qf6 Rf8 21.
Nd4 Kd7 22. Rh4 a6 23. Bxc6+ 1-0

[Event "ChFRA - Accession"]
[Site "Val d'Isere"]
[Date "2002.08.??"]
[Round "8.4"]
[White "Anic, Darko"]
[Black "Gozzoli, Yannick"]
[Result "0-1"]
[WhiteElo "2454"]
[BlackElo "2373"]
[PlyCount "46"]
[EventDate "2002.08.??"]

1. Nf3 Nf6 2. c4 c6 3. d4 d5 4. Nc3 dxc4 5. a4 Bg4 6. Ne5 Bh5 7. Nxc4 e6 8. g3
c5 9. Be3 cxd4 10. Bxd4 Nc6 11. Bxf6 Qxf6 12. Bg2 Bb4 13. O-O O-O 14. Bxc6 bxc6
15. Ne4 Qf5 16. f3 Bg6 17. Kg2 e5 18. Qb3 Rab8 19. Ne3 Qc8 20. Qc4 Be7 21. Qc2
f5 22. Qc4+ Bf7 23. Nxf5 Qxf5 0-1

[Event "ChFRA - Accession"]
[Site "Val d'Isere"]
[Date "2002.08.??"]
[Round "8.7"]
[White "Brunelliere, Pierre"]
[Black "Boudre, Jean-Pierre"]
[Result "1-0"]
[WhiteElo "2294"]
[BlackElo "2397"]
[PlyCount "89"]
[EventDate "2002.08.??"]

1. Nf3 d5 2. g3 Bg4 3. Bg2 Nd7 4. b3 e6 5. Bb2 Ngf6 6. O-O c6 7. d3 a5 8. a3
Bxf3 9. exf3 g6 10. f4 Bg7 11. Nd2 O-O 12. Nf3 Ne8 13. Ne5 Nd6 14. Rb1 Nf5 15.
Re1 Re8 16. Qd2 Qc7 17. c4 dxc4 18. bxc4 Red8 19. Bc3 Nc5 20. Red1 a4 21. Qb2
Nb3 22. d4 Rac8 23. Be4 Nd6 24. Bc2 Bxe5 25. Bxb3 axb3 26. fxe5 Nxc4 27. Qxb3
b5 28. a4 Rb8 29. axb5 cxb5 30. Bb4 Rd5 31. f4 Qc6 32. Be1 Ra8 33. Bf2 h5 34.
h3 h4 35. Qf3 hxg3 36. Qxg3 Ra2 37. Ra1 Rxa1 38. Rxa1 Rd8 39. Qg5 Rb8 40. Ra7
Ra8 41. Qe7 Rxa7 42. Qd8+ Kg7 43. Qf6+ Kf8 44. Qh8+ Ke7 45. Bh4+ {
# Les Noirs jouent 45...g5 (le plus resistant.). Mat en5.  Trouvez-le.} 1-0

[Event "ChFRA - Accession"]
[Site "Val d'Isere"]
[Date "2002.08.??"]
[Round "8.6"]
[White "Tirard, Hugo"]
[Black "Olivier, Jean-Christophe"]
[Result "0-1"]
[WhiteElo "2409"]
[BlackElo "2350"]
[PlyCount "62"]
[EventDate "2002.08.??"]

1. e4 e5 2. Nf3 Nc6 3. Bb5 a6 4. Ba4 d6 5. O-O Bd7 6. c3 g6 7. h3 Bg7 8. Re1
Nf6 9. d4 O-O 10. Nbd2 Re8 11. Bc2 h6 12. Nf1 Nh5 13. Ne3 Nf4 14. Nd5 g5 15.
Be3 Ne7 16. dxe5 Nexd5 17. exd5 dxe5 18. Bxf4 gxf4 19. Re2 f5 20. d6 c6 21.
Bb3+ Kh7 22. Qd2 e4 23. Rae1 Qf6 24. Nh2 Qh4 25. Qd1 f3 26. gxf3 Be5 27. fxe4
Rg8+ 28. Bxg8+ Rxg8+ 29. Kh1 Bxh2 30. exf5 Qxh3 31. Re7+ Kh8 0-1

[Event "ChFRA - Accession"]
[Site "Val d'Isere"]
[Date "2002.08.??"]
[Round "8.8"]
[White "Chomet, Pascal"]
[Black "Wirig, Anthony"]
[Result "1/2-1/2"]
[WhiteElo "2376"]
[BlackElo "2319"]
[PlyCount "66"]
[EventDate "2002.08.??"]

1. e4 c5 2. Nf3 Nc6 3. d4 cxd4 4. Nxd4 g6 5. c4 Bg7 6. Be3 Nf6 7. Nc3 O-O 8.
Be2 d6 9. O-O Bd7 10. Kh1 Nxd4 11. Bxd4 Bc6 12. Qd3 a6 13. f4 b5 14. Qe3 bxc4
15. Bxc4 Qc7 16. Qe2 Qb7 17. Rae1 a5 18. f5 Rad8 19. b3 Nd7 20. Bxg7 Kxg7 21.
Qf2 Nf6 22. Qd4 Rde8 23. Rf2 Kg8 24. h3 Qb4 25. Ref1 Kg7 26. Kh2 Qb8 27. Kg1
Qb4 28. g4 Qc5 29. Qxc5 dxc5 30. e5 Nd7 31. Re1 h6 32. e6 Ne5 33. Be2 Rd8
1/2-1/2

[Event "ChFRA - Accession"]
[Site "Val d'Isere"]
[Date "2002.08.??"]
[Round "8.9"]
[White "Bolding, Klaus"]
[Black "LIbizzewski, Fabien"]
[Result "1/2-1/2"]
[WhiteElo "2370"]
[BlackElo "2316"]
[PlyCount "82"]
[EventDate "2002.08.??"]

1. f4 Nf6 2. Nf3 g6 3. e3 Bg7 4. Be2 O-O 5. O-O d6 6. d3 c5 7. Qe1 Nc6 8. e4
Nd7 9. Nbd2 e6 10. c3 b5 11. a3 Rb8 12. g4 a5 13. Kh1 b4 14. axb4 axb4 15. c4
f5 16. Bd1 fxg4 17. Ng5 Nd4 18. Bxg4 Ne5 19. Nxe6 Nxd3 20. Qg3 Nxe6 21. Bxe6+
Bxe6 22. Qxd3 Qe7 23. Nf3 h6 24. Ra6 Rbd8 25. Rg1 Bc8 26. Rb6 Bb7 27. Rxb7 Qxb7
28. Rxg6 Rde8 29. f5 Qxe4 30. Qxe4 Rxe4 31. Bxh6 Re7 32. Bg5 Ref7 33. f6 Rxf6
34. Bxf6 Rxf6 35. Rxf6 Bxf6 36. b3 Kf7 37. Kg2 Ke6 38. Kf2 d5 39. cxd5+ Kxd5
40. Ke2 c4 41. bxc4+ Kxc4 1/2-1/2

[Event "ChFRA - Accession"]
[Site "Val d'Isere"]
[Date "2002.08.??"]
[Round "8.10"]
[White "Abergel, Thal"]
[Black "Saez, Frederic"]
[Result "1-0"]
[WhiteElo "2361"]
[BlackElo "2166"]
[PlyCount "73"]
[EventDate "2002.08.??"]

1. e4 c5 2. Nf3 d6 3. d4 cxd4 4. Nxd4 Nf6 5. Nc3 a6 6. Qf3 Nbd7 7. Be3 e6 8.
O-O-O Qc7 9. Qg3 b6 10. f3 Bb7 11. Qh3 e5 12. Nb3 b5 13. a3 Rc8 14. Rd2 d5 15.
Nxd5 Nxd5 16. exd5 Bxd5 17. Kb1 Be6 18. Qg3 f5 19. f4 Nf6 20. Bd3 e4 21. Be2
Bxb3 22. cxb3 Kf7 23. Rhd1 Be7 24. Ka2 Rhd8 25. Bd4 g6 26. h3 Ng8 27. Qe3 Bf6
28. g4 Ne7 29. Bxf6 Kxf6 30. gxf5 gxf5 31. Rd4 Nc6 32. Rxd8 Nxd8 33. Qd4+ Ke6
34. Bh5 Nc6 35. Qd5+ Kf6 36. Rc1 a5 {#} 37. Rxc6+ 1-0

[Event "ChFRA - Accession"]
[Site "Val d'Isere"]
[Date "2002.08.??"]
[Round "9.2"]
[White "Gozzoli, Yannick"]
[Black "Bellaiche, Anthony"]
[Result "1-0"]
[WhiteElo "2373"]
[BlackElo "2369"]
[PlyCount "75"]
[EventDate "2002.08.??"]

1. d4 Nf6 2. c4 g6 3. Nc3 Bg7 4. e4 d6 5. Nf3 O-O 6. Be2 e5 7. O-O exd4 8. Nxd4
Re8 9. f3 Nc6 10. Be3 Nh5 11. Qd2 f5 12. Nxc6 bxc6 13. Rad1 f4 14. Bf2 Re5 15.
c5 Rg5 16. Rfe1 Be5 17. Bc4+ Kf8 18. Bd4 Qf6 19. cxd6 cxd6 20. Bxe5 dxe5 21.
Qd6+ Qxd6 22. Rxd6 Bh3 23. Bf1 Ng7 24. Kf2 Ne8 25. Rxc6 Bd7 26. Rc5 Rh5 27. Rd1
Be6 28. h3 Rb8 29. b3 Rb4 30. Rc6 Bf7 31. Rd7 a5 32. Ra7 Rd4 33. Rc8 Be6 34.
Rb8 Rd2+ 35. Ke1 Rc2 36. Nb5 Rc1+ 37. Kd2 Rxf1 38. Nd6 1-0

[Event "ChFRA - Accession"]
[Site "Val d'Isere"]
[Date "2002.08.??"]
[Round "9.3"]
[White "Guidarelli, Laurent"]
[Black "Brunelliere, Pierre"]
[Result "1-0"]
[WhiteElo "2418"]
[BlackElo "2294"]
[PlyCount "61"]
[EventDate "2002.08.??"]

1. e4 c5 2. Nc3 Nc6 3. Bb5 g6 4. Bxc6 dxc6 5. d3 e5 6. f4 exf4 7. Bxf4 Qh4+ 8.
Bg3 Qe7 9. Nf3 Be6 10. O-O h6 11. e5 Bd5 12. Qe2 O-O-O 13. Rae1 Bg7 14. Ne4
Bxe4 15. Qxe4 Qe6 16. Qe3 b6 17. d4 Bf8 18. Kh1 Kb7 19. dxc5 Bxc5 20. Qe4 f5
21. Qe2 Rh7 22. c3 a5 23. b4 axb4 24. cxb4 Bxb4 25. Rb1 Bc5 26. Bf2 Rd5 27.
Rfc1 Bxf2 28. Qxf2 Rb5 29. a4 Rxb1 30. Rxb1 c5 31. a5 1-0

[Event "ChFRA - Accession"]
[Site "Val d'Isere"]
[Date "2002.08.??"]
[Round "9.4"]
[White "Olivier, Jean-Christophe"]
[Black "Abergel, Thal"]
[Result "1-0"]
[WhiteElo "2350"]
[BlackElo "2361"]
[PlyCount "87"]
[EventDate "2002.08.??"]

1. e4 c5 2. Nf3 Nc6 3. d4 cxd4 4. Nxd4 Nf6 5. Nc3 d6 6. Bc4 e6 7. Be3 a6 8. Bb3
Qc7 9. f4 Be7 10. Qf3 Na5 11. f5 e5 12. Nde2 Nxb3 13. axb3 Bd7 14. g4 h6 15. h4
Bc6 16. g5 hxg5 17. hxg5 Rxh1+ 18. Qxh1 Nd7 19. Qh8+ Bf8 20. O-O-O O-O-O 21.
Qh5 f6 22. g6 Qa5 23. Kb1 Kb8 24. Qh1 Nb6 25. Qg1 Nc8 26. Nd5 Bxd5 27. Rxd5 Qb4
28. Nc3 Ne7 29. Bc5 Nxd5 30. Bxb4 Nxb4 31. Qb6 Nc6 32. b4 Rd7 33. b5 axb5 34.
Qxb5 Be7 35. Qc4 Bd8 36. Qe6 Re7 37. Qxd6+ Bc7 38. Qc5 Rd7 39. Qf8+ Ka7 40. Nd5
Bd6 41. Qg8 Bc5 42. c3 Nb8 {#} 43. Nxf6 gxf6 44. g7 1-0

[Event "ChFRA - Accession"]
[Site "Val d'Isere"]
[Date "2002.08.??"]
[Round "9.6"]
[White "Benitah, Yohan"]
[Black "Marzolo, Cyril"]
[Result "1-0"]
[WhiteElo "2341"]
[BlackElo "2415"]
[PlyCount "106"]
[EventDate "2002.08.??"]

1. d4 Nf6 2. c4 g6 3. Nc3 Bg7 4. e4 d6 5. f3 O-O 6. Bg5 c5 7. d5 e6 8. Qd2 exd5
9. cxd5 h6 10. Be3 Re8 11. Nge2 h5 12. Nc1 Nbd7 13. Be2 Ne5 14. O-O a6 15. a4
Nh7 16. Kh1 f5 17. N1a2 Nf6 18. exf5 Bxf5 19. Rae1 Qa5 20. Bf4 Rab8 21. h3 b5
22. axb5 axb5 23. Nc1 c4 24. g4 hxg4 25. hxg4 Bd7 26. g5 Nh5 27. Ne4 Qxd2 28.
Bxd2 Nf7 29. b3 Bf5 30. Kg2 Bxe4 31. fxe4 c3 32. Be3 Rxe4 33. Bf3 Rh4 34. Nd3
Ne5 35. Be2 Re4 36. Nxe5 Bxe5 37. Bf3 Rh4 38. Rh1 Rxh1 39. Rxh1 Ra8 40. Bg4
Ra2+ 41. Kf3 Ra3 42. Be6+ Kh7 43. Rb1 c2 44. Rc1 Rxb3 45. Rxc2 Bd4 46. Re2 b4
47. Re1 Rc3 48. Ke4 Bxe3 49. Rxe3 Ng3+ 50. Kf4 Rxe3 51. Kxe3 b3 52. Kd3 Ne4 53.
Bc8 Kg7 1-0

[Event "ChFRA - Accession"]
[Site "Val d'Isere"]
[Date "2002.08.??"]
[Round "9.6"]
[White "Le Roux, Jean-Pierre"]
[Black "Brochet, Philippe"]
[Result "1-0"]
[WhiteElo "2345"]
[BlackElo "2425"]
[PlyCount "85"]
[EventDate "2002.08.??"]

1. d4 d5 2. Nf3 Nc6 3. e3 Bg4 4. Bb5 e6 5. Nbd2 Nge7 6. c3 a6 7. Ba4 Bf5 8. Qe2
b5 9. Bd1 Ng6 10. a4 Bd6 11. axb5 axb5 12. Rxa8 Qxa8 13. Qxb5 O-O 14. O-O Rb8
15. Qa4 Qb7 16. Be2 e5 17. c4 Ra8 18. Qb3 Qa6 19. Re1 exd4 20. exd4 Nf4 21. Bf1
Qa7 22. c5 Bf8 23. Bb5 Rb8 24. Qa4 Qxa4 25. Bxa4 Nb4 26. Nf1 Nfd3 27. Rd1 Nxc1
28. Rxc1 Nd3 29. Ra1 Rxb2 30. Ne3 Be4 31. Bc6 Nb4 32. Ba8 f5 33. Ng5 c6 34. g4
Be7 35. Nxe4 fxe4 36. Nf5 Bf6 37. Ra7 Nd3 38. g5 Nf4 39. h4 ({Et surtout pas} 
39. gxf6 Rb1#) 39... Ne2+ 40. Kf1 Bxd4 41. Bxc6 Nf4 42. Ra8+ Kf7 43. Nd6+ 1-0

[Event "ChFRA - Accession"]
[Site "Val d'Isere"]
[Date "2002.08.??"]
[Round "9.7"]
[White "Wirig, Anthony"]
[Black "Bagheri, Amir"]
[Result "1-0"]
[WhiteElo "2319"]
[BlackElo "2424"]
[PlyCount "82"]
[EventDate "2002.08.??"]

1. c4 c6 2. g3 Nf6 3. Bg2 d5 4. Nf3 Bf5 5. cxd5 cxd5 6. Qb3 Qb6 7. Qxb6 axb6 8.
Nc3 Bd7 9. d3 e6 10. Bf4 Bc5 11. O-O Ke7 12. a3 Rc8 13. e4 dxe4 14. dxe4 Nh5
15. Bd2 Nc6 16. e5 f5 17. b4 Bd4 18. b5 Bxc3 19. Bxc3 Na7 20. Bb4+ Ke8 21. Rfd1
Nxb5 22. Rd3 h6 23. Nd4 Nxd4 24. Rxd4 Bc6 25. Rd6 Kf7 26. Rc1 Bxg2 27. Rxc8
Rxc8 28. Rd7+ Kg8 29. Kxg2 g5 30. Rxb7 Rc6 31. Rd7 b5 32. h3 Rc2 33. Rb7 f4 34.
gxf4 Nxf4+ 35. Kg3 Rb2 36. h4 Nd3 37. Bd6 Nxf2 38. hxg5 Ne4+ 39. Kg4 hxg5 40.
Kh5 Nxd6 41. exd6 Kf8 1-0

[Event "ChFRA - Accession"]
[Site "Val d'Isere"]
[Date "2002.08.??"]
[Round "9.8"]
[White "Dunis, Aurelien"]
[Black "Bouchet, Nicolas"]
[Result "1-0"]
[WhiteElo "2404"]
[BlackElo "2237"]
[PlyCount "70"]
[EventDate "2002.08.??"]

1. e4 c5 2. Nc3 g6 3. f4 Bg7 4. g3 Nc6 5. Bg2 d6 6. d3 e6 7. Nf3 Nge7 8. O-O
O-O 9. Bd2 Rb8 10. Rb1 b5 11. a3 a5 12. a4 b4 13. Nb5 Ba6 14. c4 bxc3 15. bxc3
Qd7 16. Qe2 Na7 17. c4 Nac6 18. Rbe1 e5 19. f5 f6 20. g4 Nb4 21. h4 Rbd8 22.
Kh2 Bc8 23. Bh3 Nec6 24. Bc1 gxf5 25. gxf5 Kf7 26. Rg1 Rg8 27. Rg3 Bh8 28. Bg4
Ke7 29. Reg1 Rdf8 {#} 30. Ng5 Qd8 31. Ne6 Bxe6 32. fxe6 Qb8 33. Bf5 Rxg3 34.
Rxg3 Rg8 35. Qh5 Rxg3 1-0

[Event "ChFRA - Accession"]
[Site "Val d'Isere"]
[Date "2002.08.??"]
[Round "9.9"]
[White "Libiszewski, Fabien"]
[Black "Chomet, Pascal"]
[Result "1/2-1/2"]
[WhiteElo "2316"]
[BlackElo "2376"]
[PlyCount "83"]
[EventDate "2002.08.??"]

1. e4 c5 2. d3 Nc6 3. g3 g6 4. Bg2 Bg7 5. f4 d6 6. Nf3 e6 7. O-O Nge7 8. c3 O-O
9. Be3 f5 10. e5 Nd5 11. Bf2 dxe5 12. Nxe5 Nxe5 13. fxe5 Qc7 14. Qb3 Rd8 15. d4
c4 16. Qc2 b5 17. Nd2 Bb7 18. Rfe1 Bh6 19. Nf1 Rf8 20. Ne3 Nb6 21. Bxb7 Qxb7
22. Ng2 Nd5 23. Be3 Bxe3+ 24. Nxe3 Nxe3 25. Rxe3 f4 26. gxf4 Rxf4 27. Qg2 Qxg2+
28. Kxg2 Raf8 29. Re2 Rg4+ 30. Kh1 a5 31. a3 Kg7 32. Rd1 Rf3 33. Rg1 Rgf4 34.
Rg3 Kf7 35. Rxf3 Rxf3 36. Kg2 Rd3 37. Rf2+ Ke7 38. Rf3 Rd1 39. Rf1 Rd2+ 40. Rf2
Rd3 41. Rf3 Rd1 42. Rf1 1/2-1/2